[Event "World Junior U20 Open 2018"]
[Site "Gebze"]
[Date "2018.09.06"]
[Round "2.76"]
[White "Pang, Tao"]
[Black "Ozgur, Tibet Kagan"]
[Result "1-0"]
[WhiteElo "2290"]
[BlackElo "2056"]
[Annotator "NA"]
[PlyCount "155"]
[EventDate "2018.09.05"]
[EventType "swiss"]
[EventCountry "TUR"]
[SourceTitle "playchess.com"]
[Source "ChessBase"]
[SourceQuality "1"]
[TimeControl "40/5400+30:1800+30"]

1. Nf3 {[%emt 0:00:30]} Nf6 {[%emt 0:00:30]} 2. c4 {[%emt 0:00:00]} e6 {[%emt 0:00:00]} 3. d4 {[%emt 0:00:00]} Bb4+ {[%emt 0:00:00]} 4. Bd2 {[%emt 0:00:30]} Qe7 {[%emt 0:00:30]} 5. Nc3 {[%emt 0:01:30]} Bxc3 {[%emt 0:02:30]} 6. Bxc3 {[%emt 0:00:30]} Ne4 {[%emt 0:00:30]} 7. Qc2 {[%emt 0:03:30]} Nxc3 {[%emt 0:01:30]} 8. Qxc3 {[%emt 0:00:00]} O-O {[%emt 0:00:30]} 9. g3 {[%emt 0:03:00]} d6 {[%emt 0:05:30]} 10. Bg2 {[%emt 0:00:30]} Nd7 {[%emt 0:01:30] E11: Bogo-Indian} (10... Re8 11. O-O e5 12. dxe5 dxe5 13. Nd2 Nd7 14. b4 Nf6 15. Ne4 Nxe4 16. Bxe4 c6 17. Rfd1 Bg4 18. Rd2 {0-1 (27) Sargissian,G (2671)-Tkachiev,V (2649) Khanty-Mansiysk 2013}) 11. O-O {[%emt 0:03:30]} e5 {[%emt 0:01:30]} 12. Rfd1 {[%emt 0:18:30]} e4 {[%emt 0:05:30]} 13. Nd2 {[%emt 0:00:30]} Nf6 {[%emt 0:05:30]} 14. Nf1 {[%emt 0:02:30]} d5 $146 {[%emt 0:12:30]} ({Predecessor:} 14... Bd7 15. Ne3 c6 16. b4 Rac8 {½-½ (42) Schmidt,W (2228)-Zude,A (2390) Hessen 2016}) 15. cxd5 {[%emt 0:14:30]} Nxd5 {[%emt 0:02:30]} 16. Qc5 {[%emt 0:00:30]} Qe6 {[%emt 0:13:30]} 17. Rac1 {[%emt 0:05:30]} c6 {[%emt 0:04:30]} 18. e3 {[%emt 0:07:30]} Re8 {[%emt 0:11:30]} 19. Nd2 {[%emt 0:00:30]} Qg6 {[%emt 0:00:30]} 20. Qc2 {[%emt 0:05:30]} Bg4 {[%emt 0:04:30]} 21. Re1 {[%emt 0:02:30]} Bf5 {[%emt 0:04:30]} 22. a3 {[%emt 0:00:30]} h5 {[%emt 0:04:05]} 23. h4 {[%emt 0:00:30]} Qe6 {[%emt 0:02:16]} 24. Nb3 {[%emt 0:01:30]} Rac8 {[%emt 0:03:43]} 25. Nc5 {[%emt 0:04:30]} Qe7 {[%emt 0:00:01]} 26. f3 {[%emt 0:07:44]} Nf6 {[%emt 0:00:02]} 27. Qf2 {[%emt 0:08:34]} g6 {[%emt 0:04:43]} 28. f4 {[%emt 0:02:05]} b6 {[%emt 0:04:17]} 29. Na4 {[%emt 0:00:20]} c5 {[%emt 0:04:03]} 30. dxc5 {[%emt 0:00:20]} b5 {[%emt 0:00:56]} 31. Nc3 {[%emt 0:00:05]} Rxc5 {[%emt 0:01:16]} 32. b4 {[%emt 0:00:15]} Rc4 {[%emt 0:00:30]} 33. Nxb5 {[%emt 0:00:31]} Rec8 {[%emt 0:00:31]} 34. Rxc4 {[%emt 0:00:38]} Rxc4 {[%emt 0:00:04]} 35. Bf1 {[%emt 0:00:00]} Rc8 {[%emt 0:00:50]} 36. Qb2 {[%emt 0:01:38]} Nd5 {[%emt 0:00:35]} 37. Qd4 {[%emt 0:00:33]} Nb6 {[%emt 0:00:29]} 38. Nd6 {[%emt 0:01:01]} Rd8 {[%emt 0:01:01]} 39. Nxf5 {[%emt 0:00:30]} gxf5 {[%emt 0:00:00]} 40. Qc5 {[%emt 0:00:00]} Qe6 {[%emt 0:00:00]} 41. Qc2 {[%emt 0:03:46]} Rc8 {[%emt 0:09:38]} 42. Qd2 $16 {[%emt 0:02:30]} Qb3 {[%emt 0:10:43]} 43. Qe2 {[%emt 0:04:30]} Qxa3 {[%emt 0:02:23]} 44. Qxh5 {[%emt 0:05:30]} Qxb4 {[%emt 0:00:03]} 45. Rd1 {[%emt 0:00:30]} Qc5 {[%emt 0:05:09]} 46. Rd4 {[%emt 0:01:30]} Qa3 {[%emt 0:05:04]} 47. Kf2 {[%emt 0:01:30]} Qa2+ {[%emt 0:00:01]} 48. Be2 {[%emt 0:00:30]} Qe6 {[%emt 0:00:28]} 49. g4 {[%emt 0:01:30]} fxg4 {[%emt 0:00:39]} 50. Bxg4 {[%emt 0:00:30]} Rc2+ {[%emt 0:00:02]} 51. Kg3 {[%emt 0:00:30]} Qe7 {[%emt 0:01:27]} 52. Bf5 {[%emt 0:00:30]} f6 {[%emt 0:01:00]} 53. Qg6+ {[%emt 0:00:30]} Kf8 {[%emt 0:00:25]} 54. Rxe4 {[%emt 0:00:00]} Qf7 {[%emt 0:00:34]} 55. Qh6+ {[%emt 0:04:06]} Qg7+ {[%emt 0:00:30]} 56. Qxg7+ {[%emt 0:00:29]} Kxg7 {[%emt 0:00:00]} 57. Re7+ {[%emt 0:00:10]} Kf8 {[%emt 0:00:00]} 58. Re6 {[%emt 0:00:51]} Rc3 {[%emt 0:01:28]} 59. Rxf6+ {[%emt 0:00:07]} Kg7 {[%emt 0:00:31]} 60. Re6 {[%emt 0:00:19]} Nd5 {[%emt 0:00:18]} 61. Kf3 {[%emt 0:00:30]} Kf7 {[%emt 0:00:43]} 62. Re5 {[%emt 0:00:26]} Ne7 {[%emt 0:00:25]} 63. Be4 {[%emt 0:00:14]} Rc1 {[%emt 0:01:00]} 64. Ra5 {[%emt 0:00:14]} Rh1 {[%emt 0:00:34]} 65. h5 {[%emt 0:00:10]} Rh3+ {[%emt 0:00:16]} 66. Ke2 {[%emt 0:00:05]} Rh2+ {[%emt 0:00:16]} 67. Kd3 {[%emt 0:00:09]} Nc8 {[%emt 0:00:24]} 68. Bf5 {[%emt 0:00:20]} Ne7 {[%emt 0:00:59]} 69. Bg6+ {[%emt 0:00:08]} Nxg6 {[%emt 0:00:00]} 70. hxg6+ {[%emt 0:00:12]} Kxg6 {[%emt 0:00:27]} 71. Rxa7 {[%emt 0:00:30]} Rh3 {[%emt 0:00:25]} 72. Kd4 {[%emt 0:00:00]} Rf3 {[%emt 0:00:35]} 73. Ra6+ {[%emt 0:00:00]} Kf7 {[%emt 0:00:00]} 74. Ke4 {[%emt 0:00:30]} Rh3 {[%emt 0:00:31]} 75. f5 {[%emt 0:00:00]} Rh8 {[%emt 0:01:05]} 76. Kf4 {[%emt 0:00:00]} Rh4+ {[%emt 0:00:27]} 77. Ke5 {[%emt 0:00:00]} Rh5 {[%emt 0:01:03]} 78. e4 {[%emt 0:00:00]} 1-0

[Event "World Junior U20 Open 2018"]
[Site "Gebze"]
[Date "2018.09.06"]
[Round "2.77"]
[White "Cadilhac, Igor Tokuichi Kikuc"]
[Black "Baylav, Can"]
[Result "1-0"]
[WhiteElo "2286"]
[BlackElo "2026"]
[Annotator "NA"]
[PlyCount "63"]
[EventDate "2018.09.05"]
[EventType "swiss"]
[EventCountry "TUR"]
[SourceTitle "playchess.com"]
[Source "ChessBase"]
[SourceQuality "1"]
[TimeControl "40/5400+30:1800+30"]

1. e4 {[%emt 0:00:30]} c5 {[%emt 0:00:30]} 2. Nf3 {[%emt 0:00:30]} d6 {[%emt 0:00:30]} 3. d4 {[%emt 0:00:30]} cxd4 {[%emt 0:00:30]} 4. Nxd4 {[%emt 0:00:30]} Nf6 {[%emt 0:00:30]} 5. Nc3 {[%emt 0:00:30]} a6 {[%emt 0:00:30]} 6. Nb3 {[%emt 0:00:00]} e6 {[%emt 0:01:30]} 7. g4 {[%emt 0:00:00]} Be7 {[%emt 0:02:30]} 8. Be3 {[%emt 0:04:30]} h6 {[%emt 0:02:30]} 9. Qe2 {[%emt 0:21:30]} b5 {[%emt 0:01:30]} 10. Bg2 {[%emt 0:15:30]} Bb7 {[%emt 0:05:30]} 11. f4 {[%emt 0:05:30]} Nbd7 {[%emt 0:05:30]} 12. a3 {[%emt 0:06:30]} Rc8 {[%emt 0:02:30]} 13. O-O-O {[%emt 0:01:30]} Qc7 {[%emt 0:05:30]} 14. Kb1 {[%emt 0:00:30]} Qc4 {[%emt 0:04:30]} 15. Qf3 {[%emt 0:08:30]} d5 {[%emt 0:08:30]} 16. Na5 {[%emt 0:07:30]} dxe4 {[%emt 0:01:30]} 17. Qh3 {[%emt 0:00:30]} Qc7 {[%emt 0:00:30]} 18. Nxb7 {[%emt 0:00:30]} Qxb7 {[%emt 0:00:00]} 19. g5 {[%emt 0:04:30]} Nd5 {[%emt 0:01:00]} 20. Nxd5 {[%emt 0:06:23]} exd5 {[%emt 0:01:30]} 21. Qf5 {[%emt 0:00:03]} Bc5 {[%emt 0:03:30]} 22. Rxd5 {[%emt 0:01:11]} Bxe3 {[%emt 0:01:30]} 23. Qxe4+ {[%emt 0:00:07]} Kf8 {[%emt 0:01:30]} 24. Qxe3 {[%emt 0:00:21]} Qc7 {[%emt 0:00:30]} 25. Re1 {[%emt 0:11:50]} Nb6 {[%emt 0:05:30]} 26. Re5 {[%emt 0:00:02]} Kg8 {[%emt 0:01:30]} 27. Re8+ {[%emt 0:01:34]} Kh7 {[%emt 0:01:30]} 28. Be4+ {[%emt 0:00:20]} g6 {[%emt 0:00:30]} 29. Bxg6+ {[%emt 0:00:35]} Kg7 {[%emt 0:01:30]} 30. gxh6+ {[%emt 0:00:14]} Rxh6 {[%emt 0:00:30]} 31. Bxf7 {[%emt 0:01:13]} Qxf4 {[%emt 0:01:30]} 32. Rg1+ {[%emt 0:00:18]} 1-0

[Event "World Junior U20 Open 2018"]
[Site "Gebze"]
[Date "2018.09.06"]
[Round "2.78"]
[White "Ozsakallioglu, Okan"]
[Black "Gulbeyaz, Emir"]
[Result "1/2-1/2"]
[WhiteElo "1955"]
[BlackElo "2285"]
[Annotator "ChessBase"]
[PlyCount "64"]
[EventDate "2018.09.05"]
[EventType "swiss"]
[EventCountry "TUR"]
[SourceTitle "playchess.com"]
[Source "ChessBase"]
[SourceQuality "1"]
[TimeControl "40/5400+30:1800+30"]

1. e4 {[%emt 0:00:30]} g6 {[%emt 0:00:30]} 2. d4 {[%emt 0:00:30]} Bg7 {[%emt 0:00:00]} 3. Nc3 {[%emt 0:00:00]} d6 {[%emt 0:00:00]} 4. f4 {[%emt 0:00:00]} Nf6 {[%emt 0:00:30]} 5. Nf3 {[%emt 0:00:30]} c5 {[%emt 0:00:30]} 6. Bb5+ {[%emt 0:01:30]} Nfd7 {[%emt 0:07:30]} 7. dxc5 {[%emt 0:05:30]} dxc5 {[%emt 0:01:30]} 8. e5 {[%emt 0:01:30]} O-O {[%emt 0:00:30]} 9. O-O {[%emt 0:02:30]} a6 {[%emt 0:06:30]} 10. Bc4 {[%emt 0:07:30]} Nb6 {[%emt 0:02:30]} 11. Qxd8 {[%emt 0:03:30]} Rxd8 {[%emt 0:00:30]} 12. Bd3 {[%emt 0:00:30]} Bf5 {[%emt 0:09:30]} 13. Bxf5 {[%emt 0:09:30]} gxf5 {[%emt 0:00:30]} 14. Be3 {[%emt 0:00:30]} N8d7 {[%emt 0:00:30]} 15. a4 {[%emt 0:00:30]} e6 {[%emt 0:00:30]} 16. a5 {[%emt 0:00:30]} Nc4 {[%emt 0:00:30]} 17. Bc1 {[%emt 0:00:30]} b6 {[%emt 0:00:30]} 18. axb6 {[%emt 0:00:30]} Ncxb6 {[%emt 0:00:30]} 19. Rd1 {[%emt 0:00:30]} f6 {[%emt 0:00:30]} 20. exf6 {[%emt 0:00:30]} Bxf6 {[%emt 0:00:30]} 21. Re1 {[%emt 0:00:30]} Kf7 {[%emt 0:00:30]} 22. Na4 {[%emt 0:00:30]} Nd5 {[%emt 0:00:30]} 23. c3 {[%emt 0:00:30]} Rg8 {[%emt 0:00:30]} 24. Re2 {[%emt 0:00:30]} Rg4 {[%emt 0:00:30]} 25. h3 {[%emt 0:00:30]} Rg3 {[%emt 0:00:30]} 26. Kh2 {[%emt 0:00:30]} Rag8 {[%emt 0:00:30]} 27. c4 {[%emt 0:00:30]} Nb4 {[%emt 0:00:30]} 28. Ng5+ {[%emt 0:00:30]} R3xg5 {[%emt 0:00:30]} 29. fxg5 {[%emt 0:00:30]} Bd4 {[%emt 0:00:30]} 30. Bd2 {[%emt 0:00:30]} e5 {[%emt 0:00:30]} 31. Bc3 {[%emt 0:43:30]} Rb8 {[%emt 0:59:11]} 32. Bxb4 {[%emt 0:08:01]} Rxb4 {[%emt 0:00:23]} 1/2-1/2

[Event "World Junior U20 Open 2018"]
[Site "Gebze"]
[Date "2018.09.06"]
[Round "2.79"]
[White "Agdelen, Huseyin Can"]
[Black "Helander, Benjamin"]
[Result "1-0"]
[WhiteElo "2280"]
[BlackElo "1994"]
[Annotator "NA"]
[PlyCount "55"]
[EventDate "2018.09.05"]
[EventType "swiss"]
[EventCountry "TUR"]
[SourceTitle "playchess.com"]
[Source "ChessBase"]
[SourceQuality "1"]
[TimeControl "40/5400+30:1800+30"]

1. e4 {[%emt 0:00:30]} e6 {[%emt 0:00:30]} 2. d4 {[%emt 0:00:30]} d5 {[%emt 0:00:00]} 3. Nd2 {[%emt 0:00:30]} Nf6 {[%emt 0:00:00]} 4. e5 {[%emt 0:00:00]} Nfd7 {[%emt 0:00:30]} 5. c3 {[%emt 0:00:00]} c5 {[%emt 0:00:30]} 6. f4 {[%emt 0:00:30]} Nc6 {[%emt 0:01:30]} 7. Ndf3 {[%emt 0:00:30]} cxd4 {[%emt 0:02:30]} 8. cxd4 {[%emt 0:00:00]} Bb4+ {[%emt 0:02:30] LiveBook: 39 Games} 9. Kf2 {[%emt 0:00:00]} O-O {[%emt 0:00:30]} 10. g3 {[%emt 0:01:30] C05: French Tarrasch: 3...Nf6 4 e5 Nfd7, 5 f4 and 5 Bd3 sidelines} f6 {[%emt 0:02:30]} 11. Kg2 {[%emt 0:00:30]} Qe7 $146 {[%emt 0:05:30]} ({Predecessor:} 11... a6 12. Bd3 b5 13. Ne2 f5 14. Rg1 Kh8 15. Kh1 Nb6 {1-0 (60) Budnikov,O (2422)-Larkin,V (2112) Lutsk 2018}) 12. a3 {[%emt 0:00:30]} Ba5 {[%emt 0:00:30]} 13. Bd3 {[%emt 0:02:30]} Rd8 {[%emt 0:09:30]} 14. h4 {[%emt 0:26:30]} f5 {[%emt 0:09:30]} 15. h5 {[%emt 0:01:30]} h6 {[%emt 0:02:30]} 16. Be3 {[%emt 0:02:30]} Nf8 $16 {[%emt 0:01:30]} 17. Nh3 {[%emt 0:12:30]} Bd7 {[%emt 0:06:30]} 18. Nf2 {[%emt 0:00:30]} Rac8 {[%emt 0:07:30]} 19. Qe2 {[%emt 0:00:30]} Qf7 {[%emt 0:07:30]} 20. Rag1 {[%emt 0:04:30]} Ne7 {[%emt 0:04:30]} 21. Rh2 {[%emt 0:00:30]} Rc7 {[%emt 0:01:30]} 22. Kh1 {[%emt 0:00:30]} Be8 {[%emt 0:01:30]} 23. g4 {[%emt 0:13:30]} fxg4 {[%emt 0:01:30]} 24. Nxg4 {[%emt 0:00:30]} Kh8 {[%emt 0:00:30]} 25. Ng5 {[%emt 0:13:19]} hxg5 {[%emt 0:05:30]} 26. fxg5 {[%emt 0:00:09]} Nf5 {[%emt 0:02:30]} 27. g6 {[%emt 0:00:28]} Qe7 {[%emt 0:06:33]} 28. h6 {[%emt 0:00:15]} 1-0

[Event "World Junior U20 Open 2018"]
[Site "Gebze"]
[Date "2018.09.06"]
[Round "2.80"]
[White "Akdogan, Alperen"]
[Black "Akin, Kadir"]
[Result "0-1"]
[WhiteElo "2278"]
[BlackElo "1974"]
[Annotator "ChessBase"]
[PlyCount "86"]
[EventDate "2018.09.05"]
[EventType "swiss"]
[EventCountry "TUR"]
[SourceTitle "playchess.com"]
[Source "ChessBase"]
[SourceQuality "1"]
[TimeControl "40/5400+30:1800+30"]

1. d4 {[%emt 0:00:30]} d5 {[%emt 0:00:30]} 2. Nf3 {[%emt 0:00:30]} Nf6 {[%emt 0:00:30]} 3. c4 {[%emt 0:00:30]} e6 {[%emt 0:00:30]} 4. g3 {[%emt 0:00:00]} Be7 {[%emt 0:00:00]} 5. Bg2 {[%emt 0:00:00]} O-O {[%emt 0:00:00]} 6. O-O {[%emt 0:00:30]} dxc4 {[%emt 0:00:00]} 7. Qc2 {[%emt 0:00:00]} a6 {[%emt 0:00:00]} 8. a4 {[%emt 0:00:00]} Bd7 {[%emt 0:00:00]} 9. Rd1 {[%emt 0:00:30]} Bc6 {[%emt 0:00:00]} 10. Nc3 {[%emt 0:00:30]} Bxf3 {[%emt 0:00:00]} 11. Bxf3 {[%emt 0:00:30]} Nc6 {[%emt 0:00:00]} 12. Bxc6 {[%emt 0:00:30]} bxc6 {[%emt 0:00:00]} 13. a5 {[%emt 0:00:30]} Rb8 {[%emt 0:00:00]} 14. e4 {[%emt 0:04:30]} Rb3 {[%emt 0:00:00]} 15. Ra4 {[%emt 0:37:30]} Rb4 {[%emt 0:00:00]} 16. Ra2 {[%emt 0:00:00]} Qb8 {[%emt 0:00:30]} 17. Be3 {[%emt 0:06:00]} Qb7 {[%emt 0:05:30]} 18. Qe2 {[%emt 0:06:30]} Rd8 {[%emt 0:02:30]} 19. f3 {[%emt 0:01:30]} h6 {[%emt 0:01:30]} 20. Rd2 {[%emt 0:00:30]} Rb8 {[%emt 0:25:30]} 21. Kg2 {[%emt 0:01:30]} Nd7 {[%emt 0:02:30]} 22. e5 {[%emt 0:14:30]} c5 {[%emt 0:08:30]} 23. d5 {[%emt 0:11:22]} Nxe5 {[%emt 0:00:00]} 24. dxe6 {[%emt 0:04:17]} Nd3 {[%emt 0:01:00]} 25. exf7+ {[%emt 0:00:04]} Kxf7 {[%emt 0:00:30]} 26. Ne4 {[%emt 0:03:27]} Qb5 {[%emt 0:01:30]} 27. Rc2 {[%emt 0:05:26]} Rb3 {[%emt 0:05:30]} 28. Nd2 {[%emt 0:01:49]} Nb4 {[%emt 0:04:30]} 29. Nxc4 {[%emt 0:00:57]} Nxa2 {[%emt 0:00:00]} 30. Bf4 {[%emt 0:00:02]} Bf6 {[%emt 0:01:00]} 31. Bxc7 {[%emt 0:00:22]} Re8 {[%emt 0:06:30]} 32. Nd6+ {[%emt 0:00:30]} Kf8 {[%emt 0:00:00]} 33. Nxe8 {[%emt 0:00:00]} Qxe8 {[%emt 0:02:00]} 34. Qc4 {[%emt 0:01:06]} Qf7 {[%emt 0:03:30]} 35. Qxc5+ {[%emt 0:00:31]} Kg8 {[%emt 0:02:30]} 36. Bf4 {[%emt 0:00:34]} Nb4 {[%emt 0:00:30]} 37. Qc8+ {[%emt 0:00:16]} Kh7 {[%emt 0:00:30]} 38. Qc5 {[%emt 0:00:44]} Nxc2 {[%emt 0:00:30]} 39. Qxc2+ {[%emt 0:00:30]} g6 {[%emt 0:00:00]} 40. Qc6 {[%emt 0:00:25]} Rxb2+ {[%emt 0:00:00]} 41. Kh3 {[%emt 0:00:08]} Be7 {[%emt 0:00:30]} 42. Qc7 {[%emt 0:01:30]} Re2 {[%emt 0:00:30]} 43. Qb8 {[%emt 0:02:30]} Bg5 {[%emt 0:00:30]} 0-1

[Event "World Junior U20 Open 2018"]
[Site "Gebze"]
[Date "2018.09.06"]
[Round "2.81"]
[White "Beukema, Christiaan"]
[Black "Yaran, Siar"]
[Result "0-1"]
[WhiteElo "1904"]
[BlackElo "2271"]
[Annotator "NA"]
[PlyCount "122"]
[EventDate "2018.09.05"]
[EventType "swiss"]
[EventCountry "TUR"]
[SourceTitle "playchess.com"]
[Source "ChessBase"]
[SourceQuality "1"]
[TimeControl "40/5400+30:1800+30"]

1. e4 {[%emt 0:00:30]} d5 {[%emt 0:00:30]} 2. exd5 {[%emt 0:00:30]} Qxd5 {[%emt 0:00:30]} 3. Nc3 {[%emt 0:00:30]} Qd8 {[%emt 0:00:00]} 4. d4 {[%emt 0:00:30]} Nf6 {[%emt 0:00:00]} 5. Nf3 {[%emt 0:00:00]} Bg4 {[%emt 0:03:30]} 6. Be2 {[%emt 0:02:00]} e6 {[%emt 0:00:30]} 7. O-O {[%emt 0:00:30] LiveBook: 6 Games} c6 {[%emt 0:01:30] B01: Scandinavian Defence} 8. Bg5 {[%emt 0:02:30]} (8. h3 Bxf3 9. Bxf3 {½-½ (9) Andreev,E (2417)-Usmanov,V (2467) St Petersburg 2017}) 8... Be7 {[%emt 0:00:30]} 9. h3 {[%emt 0:00:30]} Bxf3 {[%emt 0:00:30]} 10. Bxf3 {[%emt 0:00:30]} O-O $146 {[%emt 0:00:00]} ({Predecessor:} 10... Nbd7 11. Re1 O-O 12. Qd2 Nb6 13. Rad1 Nbd5 {0-1 (32) De la Riva Fernandez,E-Sebastian Lorente,P (2150) San Jose 1997}) 11. Ne2 {[%emt 0:02:30]} Nbd7 {[%emt 0:00:00]} 12. c3 {[%emt 0:01:30]} Qc7 {[%emt 0:01:30]} 13. Bf4 {[%emt 0:00:30]} Bd6 {[%emt 0:00:30]} 14. Bxd6 {[%emt 0:00:30]} Qxd6 {[%emt 0:00:30]} 15. Qb3 {[%emt 0:00:30]} Qc7 {[%emt 0:00:30]} 16. Ng3 {[%emt 0:00:30]} Rfe8 {[%emt 0:00:30]} 17. Rfe1 {[%emt 0:08:30]} g6 {[%emt 0:05:30]} 18. Rad1 {[%emt 0:02:30]} Re7 {[%emt 0:01:30]} 19. Re2 {[%emt 0:02:30]} Rae8 {[%emt 0:00:30]} 20. Rde1 {[%emt 0:00:30]} Kg7 {[%emt 0:11:30]} 21. a4 {[%emt 0:04:30]} e5 {[%emt 0:24:30]} 22. d5 {[%emt 0:02:30]} cxd5 {[%emt 0:04:30]} 23. Bxd5 {[%emt 0:00:30]} Nc5 {[%emt 0:00:30]} 24. Qa2 {[%emt 0:03:30]} Nxd5 {[%emt 0:01:30]} 25. Qxd5 {[%emt 0:00:00]} Nxa4 {[%emt 0:00:30]} 26. Ra1 {[%emt 0:02:00]} Nb6 {[%emt 0:00:30]} 27. Qd2 {[%emt 0:00:30]} f6 {[%emt 0:19:30]} 28. Rxa7 {[%emt 0:01:30]} e4 {[%emt 0:01:30]} 29. Nf1 {[%emt 0:04:30]} Nc4 {[%emt 0:01:30]} 30. Qc2 {[%emt 0:01:30]} e3 {[%emt 0:02:29]} 31. fxe3 {[%emt 0:02:30]} Nxe3 {[%emt 0:02:20]} 32. Nxe3 {[%emt 0:02:30]} Rxe3 {[%emt 0:00:43]} 33. Rxe3 {[%emt 0:00:30]} Rxe3 {[%emt 0:00:08]} 34. Qf2 {[%emt 0:01:30]} Rd3 {[%emt 0:04:08]} 35. Ra1 {[%emt 0:00:30]} Qd6 {[%emt 0:00:39]} 36. Qa7 {[%emt 0:02:30]} Qd5 {[%emt 0:01:14]} 37. Rf1 {[%emt 0:07:30]} Rd2 {[%emt 0:00:34]} 38. Rf2 {[%emt 0:00:30]} Rd1+ {[%emt 0:00:05]} 39. Kh2 {[%emt 0:01:30]} Qe5+ {[%emt 0:04:46]} 40. g3 {[%emt 0:00:00]} Qe4 {[%emt 0:00:00]} 41. Rg2 {[%emt 0:02:00]} Qe1 {[%emt 0:11:54]} 42. Qg1 {[%emt 0:02:30]} Qxg1+ {[%emt 0:00:30]} 43. Rxg1 {[%emt 0:00:30]} Rd3 {[%emt 0:00:00]} 44. Rg2 {[%emt 0:00:30]} f5 {[%emt 0:00:00]} 45. Re2 {[%emt 0:00:30]} Kf6 {[%emt 0:00:30]} 46. Kg2 {[%emt 0:01:30]} g5 {[%emt 0:00:30]} 47. Kf2 {[%emt 0:01:30]} h5 {[%emt 0:11:23]} 48. Re3 {[%emt 0:05:30]} Rd8 {[%emt 0:02:35]} 49. Ke2 {[%emt 0:00:30]} g4 {[%emt 0:00:42]} 50. h4 {[%emt 0:03:30]} f4 {[%emt 0:01:33]} 51. gxf4 {[%emt 0:02:30]} Kf5 {[%emt 0:00:02]} 52. Re5+ {[%emt 0:01:30]} Kxf4 {[%emt 0:00:05]} 53. Rxh5 {[%emt 0:00:30]} Rd7 {[%emt 0:03:19]} 54. Rh8 {[%emt 0:02:30]} Kg3 $15 {[%emt 0:00:05]} 55. h5 {[%emt 0:00:30]} Kh2 {[%emt 0:00:30]} 56. Rf8 {[%emt 0:11:30]} g3 {[%emt 0:05:33]} 57. Kf3 {[%emt 0:00:30]} g2 {[%emt 0:00:30]} 58. Rf4 {[%emt 0:00:30]} Kh3 {[%emt 0:00:30]} 59. Kf2 {[%emt 0:00:30]} Rd2+ {[%emt 0:00:30]} 60. Ke3 {[%emt 0:00:30]} g1=Q+ {[%emt 0:00:30]} 61. Kxd2 {[%emt 0:00:30]} Qg5 {[%emt 0:00:30]} 0-1